000 01133nam a2200313Ia 4500
001 Para_9074
003 CHAP
008 220125s2005 xx 000 0 und d
010 _a207681
040 _cCHAP
090 _aPA TESIS 1933
100 _aTorres García, Rocío
_9114108
245 _aGenética de la resistencia a la roya de la hoja (Puccinia triticina Ericks) en familias F3 y F5 de trigos duros (Triticum turgidum var. durum L) /
_c por Rocío Torres García
260 _aChapingo, Méx. :
_b el autor
300 _a41 h.
502 _aTesis (Ing. Agr. Esp. en Parasitología Agrícola) -- UACh. Departamento Parasitología Agrícola
650 _aPuccinia triticina
_992832
650 _aTrigo
_x enfermedades por hongos
_9115018
650 _aTrigo
_x genética
_9115030
650 _aTrigo
_x variedades resistentes a enfermedades
_9115120
710 _aUACh. Departamento Parasitología Agrícola
_9164025
901 _aPA TESIS 1933
902 _aA
905 _a0000002005 mx an 0000000000sp 00
910 _a2005
942 _cPARA
942 _cPARA
_d2
999 _c207681
_d207681